000 00558nam a2200217Ia 4500
003 OSt
005 20230405092056.0
008 210423s2009 xx 000 0 und d
020 _a9788126910830
040 _cAL
041 _aeng
082 _a809.93592 DASB
_223
100 _aDAS (Bijay Kumar).
_982921
245 _aPoetry of Jayanta Mahapatra.
250 _a4
260 _aNew Delhi
_bAtlantic Publishers and Distributors
_c2009
300 _aviii,141
_bHB
365 _b375
_cINR
906 _ajayanta ; mahapatra. ; Poetry
942 _2ddc
_cBK
999 _c158652
_d158652